000 00981nam a22002177a 4500
999 _c21131
_d21131
003 AR-CdUCM
008 190410b ||||| |||| 00| 0 spa d
020 _a9786120026731
040 _aMUNICIPALIDAD PROVINCIAL DEL CUSCO
_cBIBLIOTECA MUNICIPAL DEL CUSCO
082 _a372.12 / Z95
_bZ95
100 _aZúniga Álvarez, Luis
_944096
245 _aDiseño y uso de rúbricas para evaluar competencias comunicativas :
_bUna propuesta desde la evaluación formativa /
_cLuis Zúniga Álvarez
260 _aCusco :
_bDanny's Graff,
_c2017.
300 _a108 páginas ;
_c20 cm.
505 _aContenido: Evaluación en los procesos de enseñanza aprendizaje -- Evaluación formativa en los PEEA -- Competencias y su tratamiento en el CNEB -- Evaluación formativa de las competencias -- Rúbricas o matrices de valoración.
650 _aEducación
_9460
650 _aEvaluación integral
_931174
650 _aEvaluación formativa
_944097
942 _2ddc
_cLIBROS
945 _aRoel